000 00311nam a22000977a 4500
005 20250901165229.0
008 210224b ||||| |||| 00| 0 eng d
050 _aQA911 .H84
245 _a Schaum's outline of theory and problems of fluid dynamics
_cHUGHES, WILLIAM F.
942 _2lcc
_hQA911 .H84 1967
999 _c677
_d677